| 000 | 01040nam a2200229Ia 4500 | ||
|---|---|---|---|
| 001 | 15665 | ||
| 005 | 20260415160428.0 | ||
| 008 | 260306t2021||||xx |||||||||||||| ||und|| | ||
| 041 | _aESP | ||
| 082 |
_a572 _bF34 |
||
| 100 |
_aFeduchi Canosa, Elena, _eAUT |
||
| 245 | 0 |
_aBioquímica : _bconceptos esenciales |
|
| 260 | _c2021 | ||
| 300 |
_axv, 452 páginas : _c28 cm. |
||
| 650 | _aGEN | ||
| 654 | _aCCS | ||
| 856 |
_uhttps://itmsp.museknowledge.com/UCSP?url=https://www.ebooks7-24.com:443/?il=3823&pg=1 _zVéase además: Bioquímica, por C. K. Mathews. Versión digital |
||
| 856 |
_uhttps://0u213wlb5-y-https-ebooks7--24-com.itmsp.museknowledge.com/biblioteca.aspx _zVéase además: Base de datos Ebook7-24 |
||
| 856 |
_uhttps://0u216wlbe-y-https-accessmedicina-mhmedical-com.itmsp.museknowledge.com/ _zVéase además: Base de datos McGraw Hill Access Medicina |
||
| 856 |
_uhttps://0u23fwlbo-y-https-www-clinicalkey-com.itmsp.museknowledge.com/student/login _zVéase además: Base de datos ClinicalKey |
||
| 942 |
_cLIB _dJUS _fJUS _2ddc |
||
| 999 |
_c15665 _d15665 |
||